[Event "CZE-chT2E 1819"]
[Site "Czech Republic"]
[Date "2019.01.27"]
[Round "7.8"]
[White "Predinsky, Vladan"]
[Black "Viktorin, Petr"]
[Result "1/2-1/2"]
[WhiteElo "1922"]
[BlackElo "1805"]
[PlyCount "32"]
[EventDate "2018.10.14"]
[EventType "team-tourn"]
[EventRounds "11"]
[EventCountry "CZE"]
[SourceTitle "EXT 2022"]
[Source "ChessBase"]
[SourceDate "2021.10.06"]
[SourceVersion "1"]
[SourceVersionDate "2021.10.06"]
[SourceQuality "1"]
[WhiteTeam "Prusanky Podluzan"]
[BlackTeam "Velke Losiny"]
[WhiteTeamCountry "CZE"]
[BlackTeamCountry "CZE"]

1. c4 Nf6 2. Nc3 d5 3. cxd5 Nxd5 4. e4 Nb6 5. d4 e5 6. d5 c6 7. g3 cxd5 8. exd5 Bd6 9. Bg2 0-0 10. Nge2 Na6 11. 0-0 Bg4 12. Be3 Nc5 13. f3 Nc4 14. Bc1 Bf5 15. b3 Qb6 16. Kh1 Nd3 1/2-1/2

[Event "IPCA Wch-B 13th"]
[Site "Velke Losiny"]
[Date "2013.06.20"]
[Round "4"]
[White "Viktorin, Petr"]
[Black "Rychtecky, Pavel"]
[Result "1/2-1/2"]
[WhiteElo "1748"]
[BlackElo "1754"]
[PlyCount "130"]
[EventDate "2013.06.18"]
[EventType "swiss"]
[EventRounds "9"]
[EventCountry "CZE"]
[SourceTitle "EXT 2014"]
[Source "ChessBase"]
[SourceDate "2013.11.20"]
[SourceVersion "1"]
[SourceVersionDate "2013.11.20"]
[SourceQuality "1"]

1. e4 c5 2. Nf3 e6 3. d4 cxd4 4. Nxd4 Nf6 5. Nc3 a6 6. a3 Nc6 7. Be3 Qc7 8. Be2 Bd6 9. Qd2 Nxd4 10. Bxd4 Bf4 11. Be3 Bxe3 12. Qxe3 d6 13. g4 b5 14. f4 Bb7 15. g5 Nd7 16. 0-0-0 0-0-0 17. h4 Nb6 18. Bg4 Kb8 19. Rh3 Qc5 20. f5 Qxe3+ 21. Rxe3 Nc4 22. Rg3 Ne5 23. Bh3 exf5 24. exf5 Kc7 25. Na2 Rhg8 26. Nb4 f6 27. gxf6 gxf6 28. Rdg1 Rxg3 29. Rxg3 Rd7 30. h5 Nf3 31. Bg2 Ng5 32. Bxb7 Kxb7 33. Nd5 Rf7 34. h6 Kc6 35. Rd3 a5 36. b3 Rf8 37. a4 bxa4 38. bxa4 Nf7 39. Nxf6 Nxh6 40. Rc3+ Kb7 41. Ne4 Rd8 42. f6 Nf7 43. Kd2 h6 44. Kd3 d5 45. Nc5+ Ka7 46. Kd4 Rd6 47. Rf3 h5 48. Nd3 Re6 49. Rf5 h4 50. Kxd5 Rd6+ 51. Ke4 h3 52. Rxa5+ Kb6 53. Rb5+ Kc6 54. Ne5+ Nxe5 55. Kxe5 Rd1 56. Rb3 Re1+ 57. Kf4 h2 58. Rh3 h1Q 59. Rxh1 Rxh1 60. Ke5 Kd7 61. c4 Ra1 62. c5 Rxa4 63. c6+ Kxc6 64. f7 Ra8 65. Ke6 Rd8 1/2-1/2

[Event "IPCA Wch-B 13th"]
[Site "Velke Losiny"]
[Date "2013.06.18"]
[Round "1"]
[White "Uogele, Anicetas B"]
[Black "Viktorin, Petr"]
[Result "1-0"]
[WhiteElo "2138"]
[BlackElo "1748"]
[PlyCount "89"]
[EventDate "2013.06.18"]
[EventType "swiss"]
[EventRounds "9"]
[EventCountry "CZE"]
[SourceTitle "EXT 2014"]
[Source "ChessBase"]
[SourceDate "2013.11.20"]
[SourceVersion "1"]
[SourceVersionDate "2013.11.20"]
[SourceQuality "1"]

1. c4 Nf6 2. g3 e6 3. Nf3 d5 4. Bg2 Be7 5. 0-0 Nbd7 6. b3 b6 7. cxd5 Nxd5 8. Nc3 Bb7 9. Nxd5 Bxd5 10. Bb2 0-0 11. Nd4 Nc5 12. Nc6 Qd7 13. Nxe7+ Qxe7 14. Ba3 Bxg2 15. Kxg2 Rfd8 16. Rc1 Qg5 17. d3 Rd5 18. f4 Qh5 19. e4 Qxd1 20. Rfxd1 Rxd3 21. Rxd3 Nxd3 22. Rxc7 h5 23. Kf1 a5 24. Bd6 b5 25. Ke2 Nb4 26. a3 Na6 27. Rc6 g6 28. e5 Kg7 29. Rb6 b4 30. a4 f6 31. Kd3 fxe5 32. fxe5 g5 33. Kc4 Rc8+ 34. Kb5 Rc3 35. Kxa6 Rxb3 36. Kxa5 Rb2 37. Rxb4 Rxh2 38. Be7 Kg6 39. Rb8 Kf5 40. Rf8+ Kxe5 41. Bxg5 Kd5 42. Rh8 Rg2 43. Rxh5 e5 44. Bf4 Rf2 45. Rxe5+ 1-0